000
00247nam a2200109Ia 4500
008
190216s9999||||xx |||||||||||||| ||und||
100
_a
Stephen P Robbins
245
0
_a
Organisational Behaviour
260
_b
Null
_c
2000
300
_a
62p
942
_c
BK
999
_c
5707
_d
5707